| 000 | 00653nam a22001937a 4500 | ||
|---|---|---|---|
| 999 |
_c173364 _d173364 |
||
| 005 | 20200309143113.0 | ||
| 010 | _aB-208811 | ||
| 020 |
_a8182232155 _c300.00 |
||
| 035 | _aB-208811 | ||
| 037 | _bCen Lib/Ret | ||
| 082 | _a070 | ||
| 100 | _aہومایوں اشرف | ||
| 245 |
_aاردو صحافت: _bمسایل اور امکانات / _cہومایوں اشرف |
||
| 246 |
_aUrdu Sahafat: Masail Aur Imkanat / _bby Humayun Ashraf |
||
| 260 |
_aNew Delhi _bEducational Publishing House _c2006 ء |
||
| 270 |
_a3108, Vakil Street, Kucha Pandit, Lal Kuan _bDelhi _e6 |
||
| 300 |
_a443p. _c23cm(Hb) |
||
| 942 |
_2ddc _cUR _h070 _mا ر د |
||